000 00469nam a2200169Ia 4500
999 _c12039
_d12039
003 OSt
005 20260324121458.0
008 190216s9999||||xx |||||||||||||| ||und||
040 _coclc
082 _a891.73
_bGOR/M
100 1 _aGorky, Maksim,
_d1868-1936
_942
245 0 _aMother /
_cMaksim Gorky
260 _bProgress Publishers ,
_c1955.
_aMoscow:
300 _a334p
650 _aNovel
942 _cBK
_2ddc
_h891.73
_iGOR/M
_k891.73
_mGOR/M